Halloween/Horror Filme - Statistiken

Allgemein
  • Dieses Quiz wurde 955 mal gespielt
  • Das Durchschnittsergebnis liegt bei 9 aus 17
Antwortstatistiken
Bildquiz Antwort % Korrekt
It
97%
Saw
91%
Scream
86%
The Nun
81%
Halloween
71%
Paranormal Activity
56%
Final Destination
55%
Shining
49%
Psycho
45%
Der Exorzist
44%
Get Out
43%
Silent Hill
42%
Blair Witch Project
37%
Friedhof der Kuscheltiere
36%
Corpse Bride
30%
Hokus Pokus
25%
Sweeney Todd
24%
Keine übereinstimmenden Quizze gefunden
Verteilung der Resultate
Anzahl Personen mit jedem Resultat
Perzentil nach korrekt beantworteten Fragen
Ihre Resultats-Entwicklung
Sie haben dieses Quiz noch nicht gespielt